• 首页
  • 本馆介绍
  • 公告通知
  • 最新文献
  • 馆藏检索
  • 电子资源
  • 读者导购
  • 参考咨询
  • 我的图书馆
  • 登录
  • 详细信息显示
  • 放入我的书架
  • 预约/预借图书
  • 作者相关作品
  • 分类相关作品
  • 丛书相关作品
  • 出版社相关作品

书目信息

  • 表格格式
  • 工作单格式
  • 卡片格式
题名:
“社会法”与“法社会”
    
 
作者: 董保华, 著
分册:  
出版信息: 上海   上海人民出版社  2015
页数: 678页
开本: 26cm
丛书名: 社会法与法社会论丛
单 册:
中图分类: D902
科图分类:
主题词: 社会法学--she hui fa xue--研究
电子资源:
ISBN: 978-7-208-12967-2
000 01495cam 2200301 450
001 0000705269
005 20170620092405.64
010    @a978-7-208-12967-2@b@dCNY108.00
100    @a20150707d2015 em y0chiy50 ea
101 0  @achi
102    @aCN@b310000
105    @ay a 000yy
106    @ar
200 1  @a“社会法”与“法社会”@A“ she hui fa ” yu “ fa she hui ”@d= "Social law" and "social viewpoint of law"@f董保华著@g@zeng
210    @a上海@c上海人民出版社@d2015
215    @a678页@c@d26cm
225 2  @a社会法与法社会论丛@Ashe hui fa yu fa she hui lun cong
314    @a董保华,1954年3月生出,1982年2月毕业于华东师范大学,现任华东政法大学教授,博士生导师。
320    @a有书目
330    @a本书作者曾在世纪之交系统性地阐述了“第三法域”的观点,提出法律对整个社会关系的规范应当引入宏观、中观与微观的分层理念,具有公私融合特征的社会法应当与公法、私法进行界定。这些观点引发了两场学术论战,一场是与部分经济法学者,另一场则是与部分社会法学者。本书对作者的社会法观点以及两场学术论战进行了全景式地展示,并从法社会的视角出发,通过案例(尤其是对群体劳动争议进行剖析)与杂谈,考察了法律制度在现实社会中的存在状态,分析了社会空间的萌发以及法学研究引入社会维度的必要性。
410  0 @12001 @a社会法与法社会论丛
510 1  @a"Social law" and "social viewpoint of law"@zeng
606 0  @a社会法学@Ashe hui fa xue@x研究
690    @aD902@v5
701  0 @a董保华,@Adong bao hua@f1954-@4著
801  0 @aCN@bZHONGJIAO@c20170609@g
905    @aBZT@dD902@e1
906    @dCNY108.00@n3@r1
    
    “社会法”与“法社会”= "Social law" and "social viewpoint of law"/董保华著.-上海:上海人民出版社,2015
    678页;26cm.-(社会法与法社会论丛)
    
    
    ISBN 978-7-208-12967-2:CNY108.00
    本书作者曾在世纪之交系统性地阐述了“第三法域”的观点,提出法律对整个社会关系的规范应当引入宏观、中观与微观的分层理念,具有公私融合特征的社会法应当与公法、私法进行界定。这些观点引发了两场学术论战,一场是与部分经济法学者,另一场则是与部分社会法学者。本书对作者的社会法观点以及两场学术论战进行了全景式地展示,并从法社会的视角出发,通过案例(尤其是对群体劳动争议进行剖析)与杂谈,考察了法律制度在现实社会中的存在状态,分析了社会空间的萌发以及法学研究引入社会维度的必要性。
●
相关链接 在五车中查询图书 在当当中查询图书 在豆瓣中查询图书


正题名:"社会法"与"法社会"     索取号:D902/1         预约/预借

序号 登录号 条形码 馆藏地/架位号 状态 备注
1 831500   2000831500   第二书库/ [索取号:D902/1] 在馆    
2 831501   2000831501   第二书库/ [索取号:D902/1] 在馆    
3 831502   2000831502   第二书库/ [索取号:D902/1] 在馆    
山东省滨州职业学院图书馆 欢迎您!
大连网信软件有限公司© 版权所有